Geometría analítica y trigonometría / (Registro nro. 13162)

Detalles MARC
000 -LIDER
fixed length control field 00767nam a22002537a 4500
003 - IDENTIFICACDOR DE NÚMERO DE CONTROL
control field DO-SdBNP
005 - DATE AND TIME OF LATEST TRANSACTION
control field 20171128113627.0
008 - ELEMENTOS DE LONGITUD FIJA
fixed length control field 171128b 1988 ck|||| 00| 0 spa d
020 ## - ISBN
International Standard Book Number 958040657X
040 ## - FUENTE DE CATALOGACIÓN
Agencia que crea de manera original el registro BPMSU
Idioma de catalogación spa
Agencia que realiza la transcripción BPMSU
082 ## - NÚMERO DE CLASIFICACIÓN DECIMAL DE DEWEY
Classification number xxxxx
Item number xxxxx
100 1# - ASIENTO PRINCIPAL -- NOMBRE PERSONAL
Nombre personal Londoño, Nelson
245 1# - MENCIÓN DE TITULO
Título Geometría analítica y trigonometría /
Mención de responsabilidad Nelson Londoño, Hernando Bedoya
250 ## - MENCIÓN DE EDICION
Mención de edición 2a ed.
260 ## - PUBLICACIÓN, DISTRIBUCIÓN, ETC. (PIE DE IMPRENTA)
Lugar de publicación, distribución, etc Colombia :
Nombre del editor, distribuidor, etc. Norma,
Fecha de publicación, distribución, etc 1988.
300 ## - DESCRIPCIÓN FÍSICA
Extensión 310 p. ;
Dimensiones 27 cm.
490 1# - MENCIÓN DE SERIES
Mención de serie Matemática progresiva
Volume/sequential designation 10
500 ## - NOTA GENERAL
Nota general La biblioteca posee la 11a reimpresión del 1996.
700 1# - ASIENTO SECUNDARIO -- NOMBRE PERSONAL
Nombre personal Bedoya, Hernando
830 #0 - ASIENTO SECUNDARIO DE SERIE--TÍTULO UNIFORME
Título uniforme Matemática progresiva
Número de la parte o sección de una obra 10
942 ## - ADDED ENTRY ELEMENTS (KOHA)
Source of classification or shelving scheme Dewey Decimal Classification
Koha item type Libros
945 ## - INFORMACIÓN DE PROCESAMIENTO LOCAL
Información de procesamiento local Inventariado extranjero / 2017 BT
956 ## - LOCAL ELECTRONIC LOCATION AND ACCESS (OCLC)
Nombre de host BTAVAREZ
Número de acceso 10
Información de compresión 20171128
Trayectoria 0038
Existencias
Withdrawn status Lost status Source of classification or shelving scheme Damaged status Not for loan Collection code Home library Current library Date acquired Source of acquisition Total Checkouts Full call number Barcode Date last seen Price effective from Koha item type
    Dewey Decimal Classification     Colección General Biblioteca Pública Metropolitana Salomé Ureña Biblioteca Pública Metropolitana Salomé Ureña 11/28/2017 FUNDI   xxxxx xxxxx BPMSU17110490 11/28/2017 11/28/2017 Libros